000 01052nam0a2200301 4500
001 RU\NLR\BIBL_A\010827214
005 20260406084002.0
010 _a978-5-9704-3482-6
_91000
021 _aRU
_b2015-54706
_93231
035 _a(NILC)RuMoRGB-007982138
035 _a(NLR Aleph) 010827214
090 _a10269980
_c10269980
100 _a20150901d2015 |||y0rusy50 ca
101 0 _arus
102 _aRU
105 _aa|||g|||000yy
200 1 _aДерматологический атлас
_fпод ред. О. Ю. Олисовой, Н. П. Теплюк
210 _aМосква
_cГЭОТАР-Медиа
_d2015
215 _a348 с.
_cцв. ил.
_d30
606 1 _aДерматология
_jАтласы
_91027884
_3RU\NLR\AUTH\6676170
686 1 _aР60я61
702 1 _4340
_7ca
_8rus
_aОлисова
_bО. Ю.
_f1957-
_gОльга Юрьевна
_92650632
_3RU\NLR\AUTH\770278665
801 0 _aRU
_bРГБ
_c20150723
_gRCR
942 _cBOOK
980 _aNBR
980 _aNB